000 003440000a22001450004500
003 LK-CoMWRAF
008 230817t ||||| |||| 00| 0 eng d
040 _aLK-CoMWRAF
_dLK-CoMWRAF
_eLK-CoMWRAF
041 _aeng
082 _a760HUM
245 _aReport of the Committee on Disappearances
_b
260 _b
_a
_c
300 _ap.101
942 _cBK
999 _c650
_d650